000 01074cad a22002175a 4500
001 L150246
008 100614s2010 xxk f 000 0 eng d
035 _a(Sirsi) u150246
041 0 _aeng
110 2 _aFederation International Des Geometres
245 0 0 _aFIG Publication No. 50
_bhistory of surveying
_h[electronic resource]
260 _aCopenhagen
_bInternational Federation of Surveyors
_c2010
505 2 _aForeword -- Preserving Surveyors' Professional Heritage -- The Struve Geodetic Arc -- Other Activities, Publications and Material -- References -- Appendix
520 _aDiscusses the preservation of surveyors' professional heritage including activities materials and publications. With a list of historical papers presented at FIG congresses and Working Weeks since 1985.
521 _aAdvanced
590 _aKA
651 4 _aInternational
690 _aENVIRONMENT AND LAND CONSULTANCY-PLANNING AND DEVELOPMENT
856 4 0 _uhttps://www.fig.net/pub/figpub/pub50/figpub50.pdf
_zView the conference papers free of charge at www.fig.net
942 _n0
999 _c110806
_d110806